Crop calendars = Calendriers culturaux = Calendarios culturales /
| Corporate Author: | |
|---|---|
| Format: | Book |
| Language: | English French Spanish |
| Published: |
Rome :
Food and Agriculture Organization of the United Nations,
1978.
|
| Series: | FAO plant production and protection papers ;
12. |
| Subjects: |
MARC
| Tag | First Indicator | Second Indicator | Subfields |
|---|---|---|---|
| LEADER | 00000cam a2200000 a 4500 | ||
| 001 | in00000087017 | ||
| 005 | 20151008064701.0 | ||
| 008 | 801002s1978 it ab i00010 engm | ||
| 010 | |a 80499803 | ||
| 015 | |a It*** | ||
| 020 | |a 9250006845 (pbk.) | ||
| 035 | |a (OCoLC)06892439 | ||
| 035 | |9 AAK4620AM | ||
| 040 | |a DLC |c DLC |d m.c. |d TXA |d UtOrBLW | ||
| 041 | 0 | |a eng |a fre |a spa | |
| 049 | |a TXAM |c [933240] | ||
| 050 | 0 | 0 | |a S600.5 |b .F66 |
| 082 | 0 | |a 631.5 |2 19 | |
| 110 | 2 | |a Food and Agriculture Organization of the United Nations. |b Plant Production and Protection Division. | |
| 245 | 1 | 0 | |a Crop calendars = |b Calendriers culturaux = Calendarios culturales / |c Plant Production and Protection Division, Agriculture Department. |
| 246 | 3 | 1 | |a Calendriers culturaux |
| 246 | 3 | 1 | |a Calendarios culturales |
| 264 | 1 | |a Rome : |b Food and Agriculture Organization of the United Nations, |c 1978. | |
| 300 | |a vii, 124 pages : |b illustrations, maps ; |c 28 cm. | ||
| 336 | |a text |b txt |2 rdacontent | ||
| 337 | |a unmediated |b n |2 rdamedia | ||
| 338 | |a volume |b nc |2 rdacarrier | ||
| 490 | 1 | |a FAO plant production and protection paper ; |v 12 | |
| 500 | |a English, French, and Spanish. | ||
| 650 | 0 | |a Planting time. | |
| 650 | 0 | |a Field crops |x Flowering time. | |
| 650 | 0 | |a Harvesting time. | |
| 740 | 0 | |a Calendriers culturaux. | |
| 740 | 0 | |a Calendarios culturales. | |
| 830 | 0 | |a FAO plant production and protection papers ; |v 12. | |
| 999 | |a MARS | ||
| 999 | f | f | |s dd0fc5e6-9a42-36dc-b887-0b08f088cf3d |i c3d9a9dd-4615-3a79-b0fe-12a8f09cd00c |t 0 |
| 952 | f | f | |p ric |a Texas A&M University |b Rellis Campus |c Joint Library Facility |d Remote Storage |t 0 |e S600.5 .F66 |h Library of Congress classification |i unmediated -- volume |m A14808308637 |
| 998 | f | f | |a S600.5 .F66 |t 0 |l Remote Storage |